Los niños rompen el silencio: estudio exploratorio de conductas agresivas en la escuela costarricense /
En esta investigación se pretende explorar el grado de violencia que existe entre los niños y niñas que cursan estudios en la educación primaria de las escuelas costarricenses. Con una muestra de 916 estudiantes de tercero y sexto grado, se halló que el 29% ha sido víctima de maltrato por parte de s...
Gardado en:
| Autor Principal: | |
|---|---|
| Formato: | Texto |
| Materias: | |
| Etiquetas: |
Engadir etiqueta
Sen Etiquetas, Sexa o primeiro en etiquetar este rexistro!
|
MARC
| LEADER | 00000 a a2200000 04500 | ||
|---|---|---|---|
| 001 | 46129 | ||
| 003 | |||
| 040 | |||
| 100 | |a Cabezas Pizarro, Hannia | ||
| 245 | |a Los niños rompen el silencio: |b estudio exploratorio de conductas agresivas en la escuela costarricense / |c Hannia Cabezas Pizarro | ||
| 520 | |a En esta investigación se pretende explorar el grado de violencia que existe entre los niños y niñas que cursan estudios en la educación primaria de las escuelas costarricenses. Con una muestra de 916 estudiantes de tercero y sexto grado, se halló que el 29% ha sido víctima de maltrato por parte de sus iguales de diferentes formas y en diferentes ocasiones. | ||
| 590 | |a RRH/DICIEMBRE2014 | ||
| 650 | |a EDUCACION | ||
| 650 | |a ENSEÑANZA PRIMARIA | ||
| 650 | |a VIOLENCIA | ||
| 650 | |a AGRESION | ||
| 650 | |a VICTIMAS | ||
| 650 | |a COSTA RICA | ||
| 773 | |g volumen35, número1 (2011), páginas 139-151 : tablas, gráficos | ||
| 999 | |c 25253 |d 25253 | ||
